00330nam a2200133Ia 4500003000400000005001700004008004100021040001000062082001200072100002100084245005300105260001800158600002000176OSt20260518092921.0241002s9999 xx 000 0 und d cAACR2 a570 HOG aHogben, Lancelot 0aMathematics for The Million/cby lancelot Hogben aLondon:c1953 aNatural Science